Experimental investigation and process simulation of the compression molding process of Sheet Molding Compound (SMC) with local reinforcements (Record no. 29081)
[ view plain ]
| 000 -LEADER | |
|---|---|
| fixed length control field | 00725nam a2200121Ia 4500 |
| 008 - FIXED-LENGTH DATA ELEMENTS--GENERAL INFORMATION | |
| fixed length control field | 220620s9999||||xx |||||||||||||| ||und|| |
| 100 ## - MAIN ENTRY--PERSONAL NAME | |
| Personal name | Hohberg, Martin |
| 245 #0 - TITLE STATEMENT | |
| Title | Experimental investigation and process simulation of the compression molding process of Sheet Molding Compound (SMC) with local reinforcements |
| 546 ## - LANGUAGE NOTE | |
| Language note | English[eng] |
| 650 ## - SUBJECT ADDED ENTRY--TOPICAL TERM | |
| Topical term or geographic name entry element | Prozesssimulation; virtuelle Prozesskette; Materialcharakterisierung; SMC; process simulation; virtual process chain; material characterization |
| 856 ## - ELECTRONIC LOCATION AND ACCESS | |
| Uniform Resource Identifier | <a href="https://library.oapen.org/bitstream/20.500.12657/53949/1/experimental-investigation-and-process-simulation-of-the-compression-molding-process-of-sheet-molding-compound-smc-with-local-reinforcements.pdf">https://library.oapen.org/bitstream/20.500.12657/53949/1/experimental-investigation-and-process-simulation-of-the-compression-molding-process-of-sheet-molding-compound-smc-with-local-reinforcements.pdf</a> |
| 942 ## - ADDED ENTRY ELEMENTS (KOHA) | |
| Koha item type | E-Books |
| Withdrawn status | Lost status | Damaged status | Not for loan | Home library | Current library | Date acquired | Total Checkouts | Date last seen | Price effective from | Koha item type |
|---|---|---|---|---|---|---|---|---|---|---|
| Kerala University of Digital Sciences, Innovation and Technology Knowledge Centre | Kerala University of Digital Sciences, Innovation and Technology Knowledge Centre | 20/06/2022 | 20/06/2022 | 20/06/2022 | E-Books |